000
00280nam a22001217a 4500
020
_a
0465014763
082
_a
330 CRI
245
_a
The crisis in economic theory
260
_a
New york
_b
Basic books
_c
1981
300
_a
xiii,226p.
_b
18cm
500
_a
Including Index
942
_c
BK
999
_c
15915
_d
15915